000 03164cam a2200349 i 4500
001 768714001
003 CO-MdFUSB
005 20220615170334.0
007 ta
008 100719t2010 enka b 001 0 eng
020 _a056703304X (pbk.)
040 _aUKM
_cCO-MdFUSB
_dBTCTA
_dYDXCP
_dC#P
_dDLC
_bspa
_erda
041 _aeng
082 _223
_a261.88
_bEC19
245 1 _aEcological hermeneutics :
_bbiblical, historical and theological perspectives.
_c/ editado por David G. Horrell
264 1 _a London ; New York :
_bT & T Clark,
_c[2010]
264 4 _c© 2010
300 _a333 páginas. :
_bilustraciones ;
_c24 cm.
336 _2rdacontent
_atexto
_btdi
337 _2rdamedia
_asin mediación
_bn
338 _2rdacarrier
_avolumen
_bnc
504 _aIncludes bibliographical references and indexes.
505 _apunto I. Perspectivas bíblicas :Las historias de la creación: su potencial y problemas ecológicos / John W. Rogerson -- Sacrificio en Levítico: ¿ritual ecológico o desperdicio profano? / Jonathan Morgan -- Lectura de los profetas desde una perspectiva ambiental / John Barton -- El significado de la tradición de Sabiduría en el debate ecológico / Katharine J. Dell -- Lectura ecológica de los evangelios sinópticos / Richard Bauckham -- Una lectura ecológica de Rom. 8.19-22 : posibilidades y vacilaciones / Brendan Byrne -- Cosmología helenística y la carta a los colosenses : hacia una hermenéutica ecológica / Vicky S. Balabanski -- Recuperando la tierra de la conflagración : 2 Pedro 3.5-13 y el medio ambiente / Edward Adams -- punto II. Perspectivas desde la historia de la interpretación. Al principio : Ireneo, la creación y el medio ambiente / Francis Watson -- Poder y dominio : interpretaciones patrísticas del Génesis I / Morwenna Ludlow -- Tomás de Aquino : lectura de la idea de dominio a la luz de la doctrina de la creación / Mark Wynn -- Martín Lutero, la palabra de Dios y la naturaleza: la hermenéutica de la Reforma en contexto / H. Paul Santmire -- 'Permanecer fieles a la tierra': la humanidad, las otras criaturas de Dios y la Biblia en Karl Barth / Geoff Thompson --¿Hans Urs von Balthasar: comenzando con la belleza / David Moss -- Entre la creación y la transfiguración : el entorno en la tradición ortodoxa oriental / Andrew Louth -- La hermenéutica ecológica de Jürgen Moltmann / Jeremy Law -- pt. tercero Posibilidades hermenéuticas contemporáneas. Milenialismo verde: los evangélicos estadounidenses, el ambientalismo y el libro de Apocalipsis / Harry O. Maier -- La escatología del Nuevo Testamento y la crisis ecológica desde una perspectiva teológica y eclesial / Stephen C. Barton -- Cumpliendo los mandamientos: el significado de un campo sostenible / Tim Gorringe -- ¿Qué diablos es una hermenéutica ecológica? : algunos parámetros generales / Ernst M. Conradie.
630 0 7 _aBiblia
_xCrítica, interpretación, etc.
653 _aMedio ambiente -- Cristianismo
653 _aEcología -- Cristianism.
700 1 _aHorrell, David G.
_eeditor
942 _cBK
945 _aJTF-925
999 _c67126
_d67126